000 00401cam a22001217a 4500
008 180718b1973 xxu||||| |||| 00| 0 eng d
082 _aA81x54 In2/71/21/Pt3B/1
100 _aCensus of India 1971
245 _aUttar Pradesh: establishment tables
260 _aDelhi
_bThe Controller of Publications
_c1973
300 _a1010+p.
440 _aCensus of India 1971. Series-21, Uttar Pradesh. Part III-B (i)
999 _c485645
_d485645